000 01158cab a22002055a 4500
001 L144213
008 080704e20080620xxko f 000 0 eng d
035 _a(Sirsi) u144213
041 0 _aeng
100 1 _aBaker, John
245 0 0 _aNew era for plan-making
260 _c2008
490 _aPlanning
_v(1774) 20 June 2008, 16-17(2)
520 _aArticle looks at local spacial planning and Planning Policy Statement 12 (PPS12) and suggests that councils must embrace the new planning framework to offer creative planning solutions, while making more of an effort to engage sharholders. In addition highlighting to key changes brought about through PPS12, the authors make various suggestions for lessons that can be drawn from the statement. These include basing issues firmly on matters arising from initial consultations; entering into dialogue with local sharholders and using sustainability appraisal in the evaluation of options and to inform decisions.
590 _aKA
650 2 4 _aPLANNING POLICY STATEMENT 12
690 _aENVIRONMENTAL AND LAND CONSULTANCY-PLANNING AND DEVELOPMENT-PLANNING GUIDANCE
700 1 _aLee, Joanna
942 _n0
999 _c80392
_d80392